Every 100k+ City in the United States on a Map - 2025 - Statistics

General Stats
  • This quiz has been taken 390 times
  • The average score is 224 of 346
Answers on the Map
Answers color-coded by a green-red scale on the quiz's map according to % correct below.
 
Answer Stats
City State Hint % Correct
Seattle WA 780,995
94%
Los Angeles CA 3,878,704
92%
Portland OR 635,749
90%
San Diego CA 1,404,452
89%
Chicago IL 2,721,308
87%
Dallas TX 1,326,087
87%
Houston TX 2,390,125
87%
Jackson MS 141,449
87%
Phoenix AZ 1,673,164
87%
Atlanta GA 520,070
85%
Austin TX 993,588
85%
Miami FL 487,014
85%
Nashville TN 704,963
85%
New York NY 8,478,072
85%
Oklahoma City OK 712,919
85%
Philadelphia PA 1,573,916
85%
Richmond VA 233,655
85%
Richmond CA 115,353
85%
Sacramento CA 535,798
85%
Salt Lake City UT 217,783
85%
San Antonio TX 1,526,656
85%
San Francisco CA 827,526
85%
San Jose CA 997,368
85%
Tampa FL 414,547
85%
Albuquerque NM 560,326
84%
Boise ID 237,963
84%
Columbus OH 933,263
84%
Columbus GA 201,830
84%
Detroit MI 645,705
84%
Honolulu HI 344,967
84%
Jacksonville FL 1,009,833
84%
Orlando FL 334,854
84%
Raleigh NC 499,825
84%
Bakersfield CA 417,468
82%
Baton Rouge LA 220,907
82%
Boston MA 673,458
82%
Cleveland OH 365,379
82%
Colorado Springs CO 493,554
82%
Denver CO 729,019
82%
El Paso TX 681,723
82%
Indianapolis IN 891,484
82%
Kansas City MO 516,032
82%
Kansas City KS 156,752
82%
Las Vegas NV 678,922
82%
Memphis TN 610,919
82%
Milwaukee WI 563,531
82%
Minneapolis MN 428,579
82%
New Orleans LA 362,701
82%
Salem OR 180,406
82%
Spokane WA 230,609
82%
Tallahassee FL 205,089
82%
Tucson AZ 554,013
82%
Washington DC 702,250
82%
Winston-Salem NC 255,769
82%
Albany NY 101,317
81%
Anchorage AK 289,600
81%
Charlotte NC 943,476
81%
Cincinnati OH 314,915
81%
Fort Worth TX 1,008,106
81%
Fresno CA 550,105
81%
Little Rock AR 204,774
81%
Omaha NE 489,265
81%
Providence RI 194,706
81%
St. Louis MO 279,695
81%
Baltimore MD 568,271
79%
Buffalo NY 276,617
79%
Des Moines IA 213,096
79%
Louisville KY 640,796
79%
Oakland CA 443,554
79%
Saint Paul MN 307,465
79%
Santa Ana CA 316,184
79%
Springfield MO 170,596
79%
Springfield MA 154,888
79%
Springfield IL 112,949
79%
Tulsa OK 415,154
79%
Birmingham AL 196,357
77%
Charleston SC 157,665
77%
Columbia SC 144,788
77%
Columbia MO 130,900
77%
Eugene OR 178,786
77%
Glendale AZ 258,143
77%
Glendale CA 187,823
77%
Knoxville TN 198,722
77%
Long Beach CA 450,901
77%
Madison WI 285,300
77%
Montgomery AL 195,818
77%
Pittsburgh PA 307,668
77%
Reno NV 281,714
77%
Savannah GA 148,808
77%
Sioux Falls SD 209,289
77%
St. Petersburg FL 267,102
77%
Tacoma WA 228,202
77%
Virginia Beach VA 454,808
77%
Wichita KS 400,991
77%
Anaheim CA 344,561
76%
Augusta GA 201,737
76%
Corpus Christi TX 317,317
76%
Greensboro NC 307,381
76%
Lexington KY 329,437
76%
Newark NJ 317,303
76%
Toledo OH 265,638
76%
Aurora CO 403,130
74%
Aurora IL 180,710
74%
Dayton OH 136,346
74%
Durham NC 301,870
74%
Fort Wayne IN 273,203
74%
Laredo TX 261,260
74%
Lincoln NE 300,619
74%
Lubbock TX 272,086
74%
Mobile AL 201,367
74%
North Las Vegas NV 294,034
74%
Rochester NY 207,282
74%
Rochester MN 123,624
74%
San Bernardino CA 224,775
74%
Stockton CA 324,975
74%
Topeka KS 125,467
74%
Vancouver WA 198,992
74%
Akron OH 189,664
73%
Arlington TX 403,672
73%
Bend OR 106,926
73%
Billings MT 121,483
73%
Chesapeake VA 254,997
73%
Fargo ND 136,285
73%
Fayetteville NC 209,496
73%
Fayetteville AR 103,134
73%
Grand Rapids MI 200,117
73%
Green Bay WI 106,311
73%
Henderson NV 350,039
73%
Huntsville AL 230,402
73%
Irvine CA 318,683
73%
Jersey City NJ 302,824
73%
Lafayette LA 122,280
73%
Oxnard CA 200,616
73%
Riverside CA 323,757
73%
Chula Vista CA 278,546
71%
Fort Collins CO 170,924
71%
Hartford CT 122,129
71%
New Haven CT 137,562
71%
Scottsdale AZ 246,170
71%
Shreveport LA 176,578
71%
Spokane Valley WA 108,267
71%
Amarillo TX 203,729
69%
Ann Arbor MI 122,925
69%
Bellevue WA 154,377
69%
Brownsville TX 191,967
69%
Cedar Rapids IA 137,904
69%
Chattanooga TN 191,496
69%
Everett WA 113,011
69%
Lansing MI 114,336
69%
Manchester NH 116,386
69%
Norfolk VA 231,105
69%
Tuscaloosa AL 114,288
69%
Worcester MA 211,286
69%
Alexandria VA 159,102
68%
Boulder CO 106,803
68%
Cape Coral FL 233,025
68%
Fort Lauderdale FL 190,641
68%
Las Cruces NM 116,998
68%
Mesa AZ 517,151
68%
Pasadena TX 149,617
68%
Pasadena CA 137,195
68%
Provo UT 115,479
68%
Santa Maria CA 111,346
68%
St. George UT 106,288
68%
Syracuse NY 146,097
68%
West Palm Beach FL 127,744
68%
Yonkers NY 211,040
68%
Yuma AZ 103,559
68%
Allen TX 113,746
66%
Bridgeport CT 151,599
66%
Burbank CA 103,533
66%
Chandler AZ 281,231
66%
Davenport IA 100,938
66%
Fremont CA 228,192
66%
McAllen TX 148,782
66%
Port St. Lucie FL 258,575
66%
Roseville CA 163,304
66%
Santa Clarita CA 229,159
66%
Santa Rosa CA 177,524
66%
South Bend IN 103,713
66%
Allentown PA 127,138
65%
Berkeley CA 121,749
65%
Gilbert AZ 288,790
65%
Gresham OR 111,507
65%
Irving TX 258,060
65%
Lancaster CA 167,426
65%
Macon GA 157,056
65%
Modesto CA 220,592
65%
Newport News VA 183,056
65%
North Charleston SC 126,005
65%
Peoria AZ 199,924
65%
Peoria IL 111,696
65%
West Jordan UT 116,688
65%
Cambridge MA 121,186
63%
Chico CA 102,911
63%
Concord CA 124,016
63%
Concord NC 112,395
63%
Evansville IN 115,395
63%
Fontana CA 218,455
63%
Gainesville FL 148,720
63%
Hillsboro OR 110,337
63%
Kent WA 136,588
63%
Midland TX 143,687
63%
Naperville IL 153,124
63%
Overland Park KS 202,893
63%
Plano TX 293,286
63%
Pueblo CO 111,166
63%
Sparks NV 111,520
63%
Stamford CT 139,134
63%
Waco TX 146,608
63%
Athens GA 128,691
61%
Garland TX 250,431
61%
Hollywood FL 159,073
61%
Odessa TX 119,748
61%
Palmdale CA 162,536
61%
San Mateo CA 103,006
61%
Torrance CA 139,576
61%
Broken Arrow OK 122,756
60%
Carlsbad CA 113,575
60%
Denton TX 165,998
60%
Hampton VA 137,596
60%
Joliet IL 151,837
60%
Murfreesboro TN 168,387
60%
Ontario CA 185,285
60%
Renton WA 105,543
60%
Rockford IL 147,486
60%
Salinas CA 160,783
60%
Santa Clara CA 133,132
60%
Thousand Oaks CA 124,229
60%
Victorville CA 140,721
60%
West Valley City UT 138,144
60%
Clarksville TN 185,690
58%
Elk Grove CA 182,797
58%
Lakewood CO 156,868
58%
Lakewood NJ 141,985
58%
Meridian ID 139,740
58%
Nampa ID 117,350
58%
Oceanside CA 170,941
58%
Sandy Springs GA 105,505
58%
Wilmington NC 125,284
58%
Abilene TX 130,501
56%
Clearwater FL 116,811
56%
Corona CA 161,540
56%
Elizabeth NJ 140,413
56%
Huntington Beach CA 193,151
56%
Moreno Valley CA 213,919
56%
Orange CA 137,941
56%
Pomona CA 147,966
56%
Clovis CA 127,993
55%
Frisco TX 235,208
55%
Inglewood CA 102,774
55%
Lowell MA 120,418
55%
Norman OK 131,010
55%
Surprise AZ 167,564
55%
Tempe AZ 190,114
55%
Beaumont TX 112,893
53%
El Cajon CA 103,291
53%
Goodyear AZ 118,186
53%
Paterson NJ 160,463
53%
Rio Rancho NM 112,524
53%
Ventura CA 109,831
53%
Waterbury CT 115,908
53%
Escondido CA 148,847
52%
Federal Way WA 100,252
52%
Hayward CA 158,440
52%
Hialeah FL 235,388
52%
Independence MO 121,629
52%
Lee's Summit MO 106,419
52%
Miami Gardens FL 116,173
52%
Palm Bay FL 142,023
52%
Sterling Heights MI 134,342
52%
Sunnyvale CA 156,792
52%
Vacaville CA 103,994
52%
Visalia CA 146,271
52%
Dearborn MI 106,377
50%
Elgin IL 114,701
50%
Garden Grove CA 172,361
50%
High Point NC 118,601
50%
Lakeland FL 124,990
50%
Olathe KS 149,035
50%
Quincy MA 103,434
50%
Rancho Cucamonga CA 176,675
50%
Simi Valley CA 125,778
50%
Tyler TX 112,219
50%
Westminster CO 115,302
50%
Wichita Falls TX 102,372
50%
Antioch CA 118,453
48%
Carmel IN 103,606
48%
Cary NC 182,659
48%
Centennial CO 108,853
48%
Daly City CA 101,418
48%
Lynn MA 103,489
48%
New Braunfels TX 116,477
48%
El Monte CA 104,639
47%
Fullerton CA 140,054
47%
McKinney TX 227,526
47%
Menifee CA 117,041
47%
Murrieta CA 112,539
47%
New Bedford MA 101,318
47%
Round Rock TX 135,359
47%
Sugar Land TX 109,851
47%
Vallejo CA 123,475
47%
Warren MI 137,686
47%
Brockton MA 105,788
45%
College Station TX 128,023
45%
Costa Mesa CA 109,131
45%
Greeley CO 114,363
45%
Rialto CA 104,918
45%
Suffolk VA 103,105
45%
Temecula CA 112,431
45%
Thornton CO 146,689
45%
Downey CA 109,368
44%
Fishers IN 103,986
44%
Hesperia CA 101,836
44%
Jurupa Valley CA 108,154
44%
Pembroke Pines FL 179,326
44%
Pompano Beach FL 118,104
44%
Coral Springs FL 140,808
42%
Davie FL 112,052
42%
Grand Prairie TX 207,331
42%
League City TX 118,456
42%
South Fulton GA 112,003
42%
West Covina CA 106,920
42%
Arvada CO 121,873
40%
Buckeye AZ 114,334
40%
Edinburg TX 108,733
40%
Fairfield CA 122,646
40%
Killeen TX 160,616
40%
Mesquite TX 150,140
40%
Miramar FL 143,242
40%
Pearland TX 129,620
40%
Tracy CA 100,136
40%
Richardson TX 118,221
39%
Edison NJ 110,002
37%
Boca Raton FL 102,238
35%
Carrollton TX 135,456
35%
Conroe TX 114,581
35%
Lewisville TX 135,983
35%
Palm Coast FL 106,729
35%
Deltona FL 100,513
34%
San Angelo TX 100,159
34%
Plantation FL 100,694
27%
Sunrise FL 100,128
26%
Woodbridge NJ 106,101
26%
Georgetown TX 101,344
18%
Clinton MI 101,359
13%
No matching quizzes found
Score Distribution
Percent of People with Each Score
Percentile by Number Answered
Your Score History
You have not taken this quiz